Phát huy hiệu quả của chỉ dẫn địa lý "Bình Thuận" đối với sản phẩm thanh long
Сохранить в:
| Главный автор: | |
|---|---|
| Формат: | |
| Язык: | Undetermined |
| Предметы: | |
| Online-ссылка: | http://lrc.tdmu.edu.vn/opac/search/detail.asp?aID=2&ID=26687 |
| Метки: |
Добавить метку
Нет меток, Требуется 1-ая метка записи!
|
| Thư viện lưu trữ: | Trung tâm Học liệu Trường Đại học Thủ Dầu Một |
|---|
| LEADER | 00625nam a2200145Ia 4500 | ||
|---|---|---|---|
| 001 | TDMU_26687 | ||
| 008 | 210410s9999 xx 000 0 und d | ||
| 082 | |a 363.7 | ||
| 100 | |a Lê, Văn Tiến | ||
| 245 | 0 | |a Phát huy hiệu quả của chỉ dẫn địa lý "Bình Thuận" đối với sản phẩm thanh long | |
| 245 | 0 | |c Lê Văn Tiến | |
| 300 | |a Tr.1-7 | ||
| 650 | |a Thanh Long; Chỉ dẫn địa lý; Bình Thuận; Nông - Lâm - Nghiệp | ||
| 856 | |u http://lrc.tdmu.edu.vn/opac/search/detail.asp?aID=2&ID=26687 | ||
| 980 | |a Trung tâm Học liệu Trường Đại học Thủ Dầu Một | ||